000 00760nas a2200241 454500
001 1670
005 20260407193504.0
008 260407s2005####ag###########|||spa#d
003 AR-UNSa-BCEJYS
040 _aAR-UNSa-BCEJYS
_bspa
_cAR-UNSa-BCEJYS
080 _a65
_xGestión y organización de la industria, el comercio y las comunicaciones
245 1 0 _aCarta de noticias
022 _a0328-9141
264 1 _aBuenos Aires :
_bHSM Argentina
_c2005
310 _aBimestral
041 _aspa
942 _cSER
590 _aniveau_biblio:s niveau_hierar:1
650 _aMarketing
650 _aADMINISTRACION DE EMPRESAS
650 _aMercado
856 4 1 _uhttps://biblioeco.unsa.edu.ar/pmb/images/revistas/Carta de noticias.jpg
_yImagen de portada
_qimage/jpeg
999 _c8385
_d8385